000 00892nam a2200253 i 4500
001 179475
003 ES-MaACL
005 20250701051434.0
008 111207e1944 sp |||| | spa d
080 _a875-21"-04"
100 0 _aSófocles.
_eaut
_9107023
245 1 0 _aEdipo rey /
_cSófocles ; notas y adaptación por el P. Miguel Balagué.
260 _aMadrid :
_bCompañía Bibliográfica Española,
_c1944.
300 _a98 páginas ;
_c17 cm.
490 1 _aEbe de clásicos griegos escolares
546 _aTexto en griego.
650 0 4 _aLengua griega-
_vTextos.
_914250
700 1 _aBalagué, Miguel.
_924798
_epbl
710 2 _aCompañía Bibliográfica Española.
_eedt
_9171207
830 0 _aEbe de clásicos griegos escolares
_9181486
852 _aES-MaACL
_cDEPOF
_hDonat. Miguel A. Velasco
_j2308-F-8
942 _2udc
_cFOLLETOS
_n0
999 _c179475
_d179475